01483nam a2200397 i 4500001000700000003000800007005001700015006001900032007001500051008004100066020001800107020002700125035002200152040003100174050002200205080001000227082001900237100003100256245009000287264006000377300006400437336003100501337003300532338004300565504002900608588006800637590016200705650002100867650002500888650001900913651001400932655002500946797001800971856007700989999001901066132809FlNmELB20241217180610.0m o d | cr cnu||||||||190310s2018 ck a ob 000 0 spa d z9789585608726 a9781512954470 (e-book) a(OCoLC)1128460387 aFINmELBbspaerdacFINmELB 4aHJ5711bP778 2018 a336.20 a336.2091772231 aPolo García, Benjamín.10aManual de presupuestos :bteórico y práctico /cBenjamín Enrique Polo García. 1aBogotá :bGrupo Editorial Nueva Legislación,c2018. a1 recurso en línea (xxii, 210 páginas) :bilustraciones atextobtxt2rdacontent/spa acomputadorabc2rdamedia/spa arecurso en líneabcr2rdacarrier/spa aContiene bibliografía. aDescripción basada en el editor de metadatos y otras fuentes. aRecurso electrónico. Santa Fe, Arg.: elibro, 2019. Disponible vía World Wide Web. El acceso puede estar limitado para las bibliotecas afiliadas a elibro. 0aValue-added tax. 0aSales taxzColombia. 4aTributación. 4aColombia. 4aLibros electronicos.2 aelibro, Corp.40uhttps://elibro.net/ereader/politecnicointernacional/68879zClick to View c132809d132809